BUBT Library Online Catalog

স্মৃতিময় বঙ্গবন্ধু : (Record no. 6010)

000 -LEADER
fixed length control field 00700nam a22001817a 4500
003 - CONTROL NUMBER IDENTIFIER
control field BUBTL
008 - FIXED-LENGTH DATA ELEMENTS--GENERAL INFORMATION
fixed length control field 190430b xxu||||| |||| 00| 0 eng d
020 ## - INTERNATIONAL STANDARD BOOK NUMBER
International Standard Book Number 978-984-92906-4-3
082 ## - DEWEY DECIMAL CLASSIFICATION NUMBER
Classification number 954.92 / MUS
100 ## - MAIN ENTRY--PERSONAL NAME
9 (RLIN) 2312
Personal name রবি মুহাম্মদ
245 ## - TITLE STATEMENT
Title স্মৃতিময় বঙ্গবন্ধু :
Remainder of title বাংলাদেশ স্বপ্ন বুনে /
Statement of responsibility, etc. রবি মুহাম্মদ
260 ## - PUBLICATION, DISTRIBUTION, ETC. (IMPRINT)
Place of publication, distribution, etc. ঢাকা :
Name of publisher, distributor, etc. সৃষ্টি প্রকাশনী,
Date of publication, distribution, etc. c2018
300 ## - PHYSICAL DESCRIPTION
Extent 96 p. :
Dimensions 22 cm.
650 #0 - SUBJECT ADDED ENTRY--TOPICAL TERM
9 (RLIN) 1755
Topical term or geographic name as entry element মুক্তিযুদ্ধ
856 ## - ELECTRONIC LOCATION AND ACCESS
Password 0
Logon 0
Link text Download
942 ## - ADDED ENTRY ELEMENTS (KOHA)
Source of classification or shelving scheme
Koha item type Books
Holdings
Withdrawn status Lost status Source of classification or shelving scheme Damaged status Not for loan Collection code Permanent location Current location Shelving location Date acquired Inventory number Total Checkouts Full call number Barcode Date last seen Copy number Price effective from Koha item type
          Fiction Bangladesh University of Business and Technology Library Bangladesh University of Business and Technology Library Fiction 03/10/2018 24561   954.92 / MUS BUBTL-200324561 04/30/2019 C-1 04/30/2019 Books
          Fiction Bangladesh University of Business and Technology Library Bangladesh University of Business and Technology Library Fiction 03/10/2018 24562   954.92 / MUS BUBTL-200324562 04/30/2019 C-2 04/30/2019 Books

More Information About Library

Library Hours

  • Open: 9.00 am. to 9.00 pm.
  • Only Sunday: 9.00 am. to 6.00 pm.
  • Closed: Holiday

Contact to the University

Bangladesh University of Business and Technology Library

  • Mirpurl-2, 1216.
  • Phone:
  • Fax:
  • E-Mail: admin.library@bubt.edu.bd

Contact to the Library

Contact Person:

Md. Abdul Hakim Shah
Joint Librarian
PABX No:  113
Cell No: 01816332931
E-mail: official: admin.library@bubt.edu.bd
Personal: hakim.shah@bubt.edu.bd


BUBT Library

Copyright © 2021